Statistiques concernant 15 Plus grandes villes d'Indre

Cliquez ici pour prendre le quiz!

Statistiques générales

  • Ce quiz a été pris 68 fois
  • Le résultat moyen est 8 sur 15

Statistiques - réponses

PopulationVille% Correct
43 122Châteauroux
100%
11 477Issoudun
91%
6 250Le Blanc
88%
4 054La Châtre
86%
4 880Argenton sur Creuse
74%
7 609Déols
58%
4 516Buzançais
53%
5 820Le Poinçonnet
49%
3 685Saint-Maur
49%
2 338Valençay
47%
3 850Ardentes
37%
2 923Levroux
37%
2 360Châtillon sur Indre
26%
2 687Villedieu sur Indre
26%
2 763Chabris
7%

Distribution des résultats

Percentile par nombre de réponses

% des personnes avec chaque résultat

Votre développement - résultats

Vous n’avez pas pris ce quiz